000 00749nam a2200193Ii 4500
003 JO-AjNU
008 230605s9999||||xx |||||||||||||| ||und||
040 _aJO-AjNU
_bara
_erda
_cJO-AjNU
041 _aara
050 1 4 _aLC905.C4.K82 1987
100 3 _aالكبيسي،عبد الحافظ,
_eauthor
_97466
245 0 0 _aتربية الأولاد في الإسلام:دراسة موضوعية في رحاب الشريعة الإسلامية، ج2
264 3 1 _aالعراق
300 _aج2، 222ص
336 _atext
_btxt
_2rdacontent
337 _aunmediated
_bn
_2rdamedia
338 _avolume
_bnc
_2rdacarrier
650 4 _a الأطفال-تربية إسلامية. التربية الإسلامية-الأسرة في الإسلام
_97467
999 _aA293
_c3861
_d3861